100 Most Visited Places in Spain - Statistics

General Stats
  • This quiz has been taken 118 times
  • The average score is 36 of 100
Answer Stats
Tourists Per Year City/Town/Place % Correct
8.520.415 Barcelona
98%
9.963.195 Madrid
97%
2.811.351 Seville
93%
1.882.918 Valencia
91%
962.974 Bilbao
88%
2.372.933 Palma de Mallorca
86%
2.001.464 Granada
84%
1.413.227 Malaga
84%
1.176.981 Zaragoza
80%
970.985 Cordoba
78%
457.503 A Coruña
76%
879.435 Alicante
74%
430.072 Vigo
73%
689.595 Donostia
72%
598.901 Toledo
71%
264.524 Cadiz
70%
418.368 Gijon
69%
483.403 Murcia
69%
790.238 Santiago de Compostela
69%
470.025 Santander
64%
440.050 Oviedo
60%
386.337 Pamplona
60%
409.535 León
59%
219.040 Tarragona
59%
450.064 Valladolid
59%
2.150.417 Benidorm
58%
212.358 Badajoz
57%
479.607 Burgos
57%
761.460 Marbella
57%
296.585 Vitoria-Gasteiz
57%
331.800 Cartagena
56%
711.736 Salamanca
56%
912.623 Almería
55%
315.726 Jerez de la Frontera
53%
243.833 Elche
52%
299.668 Logroño
50%
283.484 Caceres
49%
265.636 Merida
47%
235.813 Santa Cruz de Tenerife
47%
223.064 Albacete
44%
223.495 Lleida
44%
308.404 Segovia
43%
310.116 Avila
41%
219.047 Castellón de la Plana
41%
339.549 Las Palmas de Gran Canaria
40%
247.176 Algeciras
37%
1.028.077 Torremolinos
37%
386.426 L'hospitalet de Llobregat
35%
510.521 Fuengirola
33%
268.886 Getafe
30%
1.273.471 Salou
30%
251.063 Gerona
29%
1.212.564 Lloret de Mar
27%
262.126 Ronda
26%
427.141 Eivissa
24%
275.820 Gandia
23%
572.425 Roquetas de Mar
22%
341.867 Sitges
22%
415.436 Chiclana de la Frontera
21%
262.831 Alcala de Henares
20%
358.414 Estepona
20%
375.270 Manacor
20%
610.153 Benalmadena
19%
225.874 Nerja
19%
245.583 Cambrils
17%
813.814 Arona
16%
568.820 Alcudia
15%
324.715 Roses
15%
1.540.863 Calvia
14%
224.873 Almuñecar
12%
1.476.042 Adeje
10%
229.975 Calpe
10%
240.164 Tossa de Mar
10%
241.538 Mojacar
9%
654.901 Puerto de la Cruz
9%
276.790 Sanxenxo
9%
444.974 Vila-Seca
6%
390.621 Calella
5%
302.887 Ciutadella de Menorca
3%
451.651 Llucmajor
3%
624.153 Mogan
3%
425.953 Muro
3%
411.796 Santa Eularia des Riu
3%
372.867 Santanyi
3%
256.130 Antigua
2%
373.398 Capdepera
2%
403.307 Sant Antoni de Portmany
2%
633.316 Yaiza
2%
893.219 Pajara
1%
408.740 Peniscula
1%
1.577.975 San Bartolome de Tijarana
1%
309.226 Santa Margalida
1%
474.140 Sant Josep de sa Talaia
1%
498.411 Sant Llorenç des Cardassar
1%
252.015 Son Servera
1%
347.620 Teguise
1%
414.879 Tias
1%
267.560 Castell-Platja D'aro
0%
350.273 La Oliva
0%
355.321 Santa Sussana
0%
No matching quizzes found
Score Distribution
Percent of People with Each Score
Percentile by Number Answered
Your Score History
You have not taken this quiz